000 00302nam a22001337a 4500
008 171018b xxu||||| |||| 00| 0 eng d
020 _a0070506744
041 _aeng
080 _a338
100 _a53
101 _aMEN
245 _aARBITRATION AND COOLECTIVE BARGAING
_cPRASOV.P
942 _2udc
_cBK
999 _c34633
_d34633